Statistics for Serbia WC 2022 Squad

Click here to take the quiz!

General Stats

  • This quiz has been taken 28 times
  • The average score is 16 of 26

Answer Stats

Hint#Answer% Correct
Fulham9Aleksandar Mitrovic
92%
Juventus18Dusan Vlahovic
92%
Lazio20Sergej Milinkovic-Savic
92%
Getafe13Stefan Mitrovic
92%
Torino23Vanja Milinkovic-Savic
92%
Juventus17Filip Kostic
88%
Ajax10Dusan Tadic
76%
Sevilla8Nemanja Gudelj
72%
Fiorentina4Nikola Milenkovic
72%
Fiorentina11Luka Jovic
68%
Torino7Nemanja Radonjic
64%
Mallorca12Predrag Rajkovic
64%
Torino16Sasa Lukic
60%
Salzburg2Strahinja Pavlovic
60%
PAOK14Andrija Zivkovic
56%
Getafe6Nemanja Maksimovic
56%
Hellas Verona22Darko Lazovic
52%
Werder Bremen5Milos Veljkovic
52%
Legia Warsaw25Filip Mladenovic
48%
Hellas Verona24Ivan Ilic
48%
Sevilla1Marko Dmitrovic
48%
Red Star3Strahinja Erakovic
48%
Porto26Marko Grujic
44%
Sassuolo21Filip Djuricic
40%
Almeria15Srdjan Babic
36%
Braga19Uros Racic
36%

Score Distribution

Percentile by Number Answered

Percent of People with Each Score

Your Score History

You have not taken this quiz